| 000 | 00568nam a2200193 i 4500 | ||
|---|---|---|---|
| 001 | 27095 | ||
| 003 | ES-MaACL | ||
| 005 | 20250809031522.0 | ||
| 007 | t| | ||
| 008 | 030113s1933 sp ||||1| spa d | ||
| 100 | 1 |
_aAvilés Cucurella, Gabriel. _924072 |
|
| 245 | 1 | 0 |
_aManual de derecho mercantil / _cGabriel Avilés Cucurella. |
| 260 |
_aMadrid : _bRuiz Hermanos, _c1933 ( _fImp. Góngora) |
||
| 300 |
_aXXI, 545 p. ; _c22cm. |
||
| 650 | 7 |
_aDerecho mercantil _2embne _9135891 |
|
| 852 |
_aES-MaACL _jA-2841 |
||
| 852 |
_aES-MaACL _jA-1921 |
||
| 999 |
_c27095 _d27095 |
||